000 00687nam a2200289Ia 4500
005 20260324144635.0
008 008 260324s9999 xx 000 0 eng d
020 _a9781315511412
037 _aEBOOK
040 _aCRL
040 _beng
040 _cCRL
041 _2eng
041 _aeng
084 _qCRL
100 _aJohn Fiske; Bob Hodge; Graeme Turner
_91220069
245 0 _aMyths of Oz
245 0 _bReading Australian Popular Culture
260 _bTaylor and Francis
260 _c1987
365 _a
365 _b230
856 _uhttp://www.taylorfrancis.com/books/9781315511412
942 _cEBOOK
999 _c1826931
_d1826931